Circular Economy in Low-Carbon Transition (Record no. 28512)

MARC details
000 -LEADER
fixed length control field 00922nam a2200133Ia 4500
008 - FIXED-LENGTH DATA ELEMENTS--GENERAL INFORMATION
fixed length control field 220620s9999||||xx |||||||||||||| ||und||
020 ## - INTERNATIONAL STANDARD BOOK NUMBER
International Standard Book Number 9783040000000
245 #0 - TITLE STATEMENT
Title Circular Economy in Low-Carbon Transition
546 ## - LANGUAGE NOTE
Language note English[eng]
650 ## - SUBJECT ADDED ENTRY--TOPICAL TERM
Topical term or geographic name entry element carbon label||bibliometric analysis||CiteSpace||carbon labeling scheme||purchase intention||willingness to pay||eco-efficiency||environmental impact||GHG emissions||energy consumption||food chain||short food supply chains (SFSCs)||Life Cycle Assessment (LCA)||rice husk||gasification||CHP||Aspen Plus||simulation||economic assessment||circular economy||low-carbon energy||waste-based bioenergy||resource efficiency||product policy||energy efficiency||digitalization||life cycle assessment||easy-to-repair design||built environment||gas boilers||heat pumps||n/a
700 ## - ADDED ENTRY--PERSONAL NAME
Personal name Mazzi, Anna||Ren, Jingzheng
856 ## - ELECTRONIC LOCATION AND ACCESS
Uniform Resource Identifier <a href="https://mdpi.com/books/pdfview/book/5232">https://mdpi.com/books/pdfview/book/5232</a>
942 ## - ADDED ENTRY ELEMENTS (KOHA)
Koha item type E-Books
Holdings
Withdrawn status Lost status Damaged status Not for loan Home library Current library Date acquired Total Checkouts Date last seen Price effective from Koha item type
        Kerala University of Digital Sciences, Innovation and Technology Knowledge Centre Kerala University of Digital Sciences, Innovation and Technology Knowledge Centre 20/06/2022   20/06/2022 20/06/2022 E-Books